Primer Congreso Mundial de Páramos: (Registro nro. 8130)
[ vista simple ]
| 000 -CABECERA | |
|---|---|
| Campo de control | 01347nam a22003017a 4500 |
| 005 - FECHA Y HORA DE LA ULTIMA TRANSACCION | |
| Campo de control | 20191224041924.0 |
| 008 - ELEMENTOS DE LONGITUD FIJA—INFORMACION GENERAL | |
| Campo de control | 140224s2002 ck abd gr 00010 spa d |
| 020 ## - ISBN | |
| ISBN | 9588096251 |
| 040 ## - FUENTE DE CATALOGACIÓN | |
| Agencia catalogadora original | CO-BoIAVH |
| Agencia transcriptora | CO-BoIAVH |
| 041 0# - IDIOMA | |
| Código de idioma para texto/pista de sonido o título separado | Español |
| 044 ## - PAÍS DE PUBLICACIÓN | |
| País de publicación | Colombia |
| 082 04 - NUMERO DE CLASIFICACION DECIMAL DEWEY | |
| Número de clasificación | 577.3 |
| Número del ítem | P22m |
| 111 2# - ASIENTO PRINCIPAL--NOMBRE DE REUNION | |
| Nombre de reunión o de jurisdicción como elemento de entrada | Congreso Mundial de Páramos |
| Lugar de la reunión | Paipa, Boyacá |
| Fecha de la reunión | 2002 |
| 245 10 - MENCION DE TITULO | |
| Título | Primer Congreso Mundial de Páramos: |
| Parte restante del título | Memorias |
| 260 ## - PUBLICACION, DISTRIBUCION, ETC. (PIE DE IMPRENTA) | |
| Lugar de publicación, distribución, etc. | Paipa, |
| Nombre del editor, distribuidor, etc. | Ministerio del Medio Ambiente, |
| -- | CAR Cundinamarca, |
| -- | IDEAM, |
| -- | Conservación Internacional, |
| Fecha de publicación, distribución, etc. | 2002 |
| 300 ## - DESCRIPCION FISICA | |
| Extensión | 2 tomos; p. 1185 |
| Otros detalles físicos | il., gráficas, tablas |
| Dimensiones | 24 cm |
| 500 ## - NOTA GENERAL | |
| Nota general | Dos tomos |
| 504 ## - NOTA DE BIBLIOGRAFIA, ETC. | |
| Nota de bibliografía | Contiene bibliografía al final de cada capitulo |
| 650 #6 - ASIENTO SECUNDARIO DE MATERIA - TERMINO TEMATICO | |
| Término temático o nombre geográfico como elemento de entrada | Páramos |
| Subdivisión geográfica | Colombia |
| Subdivisión de forma | Congresos, conferencias, memorias |
| 650 #6 - ASIENTO SECUNDARIO DE MATERIA - TERMINO TEMATICO | |
| Término temático o nombre geográfico como elemento de entrada | Conservación de páramos |
| Subdivisión geográfica | Colombia |
| Subdivisión de forma | Congresos, conferencias, memorias |
| 650 ## - ASIENTO SECUNDARIO DE MATERIA - TERMINO TEMATICO | |
| Término temático o nombre geográfico como elemento de entrada | Conservación de los recursos naturales |
| Subdivisión geográfica | Colombia |
| Subdivisión de forma | Congresos, conferencias, memorias |
| 650 #6 - ASIENTO SECUNDARIO DE MATERIA - TERMINO TEMATICO | |
| Término temático o nombre geográfico como elemento de entrada | Ecología de páramos |
| Subdivisión geográfica | Colombia |
| Subdivisión de forma | Congresos, conferencias, memorias |
| 710 ## - ASIENTO SECUNDARIO - NOMBRE CORPORATIVO | |
| Nombre corporativo o de jurisdicción como elemento de entrada | Ministerio del Medio Ambiente |
| 710 ## - ASIENTO SECUNDARIO - NOMBRE CORPORATIVO | |
| Nombre corporativo o de jurisdicción como elemento de entrada | Corporación Autónoma Regional de Cundinamarca |
| 710 ## - ASIENTO SECUNDARIO - NOMBRE CORPORATIVO | |
| Nombre corporativo o de jurisdicción como elemento de entrada | Instituto de Hidrologia, Metereologia y Estudios Ambientales |
| 710 ## - ASIENTO SECUNDARIO - NOMBRE CORPORATIVO | |
| Nombre corporativo o de jurisdicción como elemento de entrada | Conservación Internacional Colombia |
| 942 ## - ELEMENTOS ADICIONALES (KOHA) | |
| Sistema de clasificación | Dewey Decimal Classification |
| Tipo de ítem | Libro |
| Koha issues (borrowed), all copies | 3 |
| Withdrawn status | Lost status | Sistema de Clasificación | Volumen | Damaged status | No para préstamo | Colección | Inventariado | Ubicación Permanente | Ubicación actual | Fecha de adquisición | Fuente de Valor | Valor | Total Checkouts | Número topográfico | Inventario / Código de Barras | Date last seen | Date checked out | Ejemplar | Price effective from | Forma de adquisición | Tipo de material |
|---|---|---|---|---|---|---|---|---|---|---|---|---|---|---|---|---|---|---|---|---|---|
| Dewey Decimal Classification | Resúmenes | General | Inventariado 2017 | Bogotá | Bogotá | 29/07/2002 | Instituto | 15000.00 | 2 | LB-577.3 P22m | 005042 | 17/10/2019 | 02/10/2019 | Ej. 1 | 04/12/2012 | Donación | Libro | ||||
| Dewey Decimal Classification | T. 2 | General | Inventariado 2017 | Bogotá | Bogotá | 24/02/2014 | Instituto | 15000.00 | 2 | LB-577.3 P22m | 034079 | 03/06/2015 | 03/06/2015 | Ej. 1 | 24/02/2014 | Libro | |||||
| Dewey Decimal Classification | T. 1 | General | Inventariado 2017 | Bogotá | Bogotá | 14/02/2015 | Instituto | 15000.00 | 1 | LB-577.3 P22m | 038773 | 10/04/2015 | 10/04/2015 | Ej. 1 | 14/02/2015 | Libro |